Deviations and diversions (or how Old MacDonald coped with the walking public) (Record no. 69185)

MARC details
000 -LEADER
fixed length control field 00896cam a2200193 4500
001 - CONTROL NUMBER
control field ABS64848
008 - FIXED-LENGTH DATA ELEMENTS--GENERAL INFORMATION
fixed length control field 020107n2002 000 0 eng u
035 ## - SYSTEM CONTROL NUMBER
System control number (Sirsi) u116148
100 ## - MAIN ENTRY--PERSONAL NAME
Personal name Valentine, S.
245 ## - TITLE STATEMENT
Title Deviations and diversions (or how Old MacDonald coped with the walking public)
260 ## - PUBLICATION, DISTRIBUTION, ETC.
Date of publication, distribution, etc. 2002
490 ## - SERIES STATEMENT
Series statement Landowning in Scotland
Volume/sequential designation (266) December 2001/January 2002, 14(1)
520 ## - SUMMARY, ETC.
Summary, etc. Explains how Ordnance Survey maps of Scotland do not identify rights of way, and neither do title deeds. Scotways (the Scottish Rights of Way and Access Society) can help where confusion arises. Terms, such as "evidence of use" and "curtilage and deviations" are explained. Suggests compromise and common sense can avoid the need for expensive court cases.
590 ## - LOCAL NOTE (RLIN)
Local note ABS
650 ## - SUBJECT ADDED ENTRY--TOPICAL TERM
Topical term or geographic name entry element RIGHTS OF WAY
650 ## - SUBJECT ADDED ENTRY--TOPICAL TERM
Topical term or geographic name entry element SCOTLAND
690 ## - LOCAL SUBJECT ADDED ENTRY--TOPICAL TERM (OCLC, RLIN)
Topical term or geographic name as entry element Boundary disputes
9 (RLIN) 6221
942 ## - ADDED ENTRY ELEMENTS (KOHA)
Suppress in OPAC 0
Holdings
Withdrawn status Lost status Source of classification or shelving scheme Damaged status Not for loan Home library Current library Shelving location Date acquired Total Checkouts Full call number Barcode Date last seen Copy number Price effective from Koha item type
    Dewey Decimal Classification     London London Journal article 07/01/2002   ABS64848 116148-2001 06/08/2019 1 06/08/2019 Journal article